Normal view
MARC view
- INTERNET(COMPUTER NETWORK)
Entry Topical Term
001 - CONTROL NUMBER
- control field: 66814
003 - CONTROL NUMBER IDENTIFIER
- control field: NUST
005 - DATE AND TIME OF LATEST TRANSACTION
- control field: 20210628203658.0
008 - FIXED-LENGTH DATA ELEMENTS
- fixed length control field: 210628|| aca||aabn | a|a d
040 ## - CATALOGING SOURCE
- Original cataloging agency: NUST
- Transcribing agency: NUST
150 ## - HEADING--TOPICAL TERM
- Topical term or geographic name entry element: INTERNET(COMPUTER NETWORK)
670 ## - SOURCE DATA FOUND
- Source citation: Work cat.: (NUST): Stair, Henry , Sachs, David 66813, Hands on internet , a beginning guide for pc users, 1994
